00767nam a2200181Ia 4500008004100000020001500041050002900056100002800085240003400113245008300147260003700230300003600267500004200303500006600345505011500411650004100526650001800567120626s1990 sp 000 0 spa d a9688871702 aHF5415.I122 bS8318 19901 aSwann, Alan e , autor  aDesing & marketinglespañol aDiseño y marketingc/ Alan, Swann; traducción de Eugeni, Rosell i Miralles aMéxicob: Gustavo Gilic, 1990 a144 páginasb: Ilustraciones  aTítulo original: Desing & marketing aIncluye: Indice, Introducción, Glosario, Indice, Créditos a¿Qué es el estilo? Elementos del estilo La elaboración del estilo Estilo adecuado para el mercado  0aDISEÑOxSERVICIOS DE MERCADOTECNIA 0aMERCADOTECNIA